[Event "78th DEN-ch"]
[Site "Aarhus DEN"]
[Date "1999.04.02"]
[Round "7"]
[White "Hansen, Sune Berg"]
[Black "Fries-Nielsen, Jens Ove"]
[WhiteElo "2499"]
[BlackElo "2447"]
[Result "1-0"]
[EventDate "1999.03.27"]
[PlyCount "51"]
[EventCategory "10"]
[Source "ChessBase"]
[SourceDate "1999.08.01"]

1. e4 c5 2. Nf3 e6 3. d4 cxd4 4. Nxd4 a6 5. Bd3 Bc5 6. Nb3 Ba7 7. Nc3 Nc6 8.
Qe2 d6 9. Be3 Bxe3 10. Qxe3 Nf6 11. O-O-O O-O 12. f4 e5 13. f5 b5 14. g4 Nxg4
15. Qg3 Nf6 16. Rhg1 Ne8 17. Nd5 f6 18. Qh4 Ra7 19. Rg3 Kh8 20. Rdg1 g5 21.
fxg6 f5 22. Qh6 Rg7 23. gxh7 Rff7 24. exf5 Rxg3 25. Rxg3 Rxh7 26. Qf8# 1-0

[Event "78th DEN-ch"]
[Site "Aarhus DEN"]
[Date "1999.04.02"]
[Round "7"]
[White "Mortensen, Erling"]
[Black "Hansen, Curt"]
[WhiteElo "2424"]
[BlackElo "2608"]
[Result "0-1"]
[EventDate "1999.03.27"]
[PlyCount "114"]
[EventCategory "10"]
[Source "ChessBase"]
[SourceDate "1999.08.01"]

1. e4 c5 2. Nf3 e6 3. d3 Nc6 4. g3 d5 5. Qe2 Nf6 6. Bg2 Be7 7. O-O O-O 8. e5
Ne8 9. c4 Nc7 10. Nc3 a6 11. Bf4 b5 12. b3 Bb7 13. h4 Ra7 14. Nh2 Nd4 15. Qg4
Kh8 16. Bg5 h6 17. Bxe7 Qxe7 18. Ne2 Nf5 19. Nf4 Rd8 20. Rfe1 a5 21. Nf1 a4 22.
Rab1 axb3 23. axb3 dxc4 24. dxc4 Bxg2 25. Kxg2 Ra3 26. Nh5 Rd4 27. Re4 Na6 28.
Rxd4 cxd4 29. cxb5 Qb7+ 30. Qf3 Qxb5 31. Qa8+ Kh7 32. Nf4 Qxe5 33. Nd3 Qb5 34.
Qe4 g6 35. Nd2 Nc5 36. Nxc5 Qxc5 37. b4 Qb5 38. h5 gxh5 39. Nf3 Ra4 40. Nxd4
Rxb4 41. Nxf5 Rxb1 42. Nd4+ f5 43. Qxe6 Qf1+ 44. Kf3 Qd3+ 45. Qe3 Qxe3+ 46.
fxe3 Kg6 47. Ne6 Rb2 48. Nf4+ Kg5 49. Nh3+ Kf6 50. Nf2 Ra2 51. Nd3 Rh2 52. Nf4
Kf7 53. Ng2 Kg6 54. Nf4+ Kf6 55. Ng2 Kg5 56. Nh4 Ra2 57. Ng2 Rxg2 0-1

[Event "78th DEN-ch"]
[Site "Aarhus DEN"]
[Date "1999.04.02"]
[Round "7"]
[White "Schandorff, Lars"]
[Black "Borge, Nikolaj"]
[WhiteElo "2527"]
[BlackElo "2466"]
[Result "1-0"]
[EventDate "1999.03.27"]
[PlyCount "109"]
[EventCategory "10"]
[Source "ChessBase"]
[SourceDate "1999.08.01"]

1. d4 Nf6 2. c4 g6 3. Nc3 d5 4. cxd5 Nxd5 5. e4 Nxc3 6. bxc3 Bg7 7. Nf3 c5 8.
Rb1 O-O 9. Be2 Nc6 10. d5 Ne5 11. Nxe5 Bxe5 12. Qd2 e6 13. f4 Bc7 14. O-O exd5
15. exd5 Ba5 16. d6 b6 17. Bf3 Bf5 18. Bxa8 Bxb1 19. Bc6 Qf6 20. Bb2 Bxa2 21.
c4 Qe6 22. f5 Bxd2 23. fxe6 fxe6 24. Rxf8+ Kxf8 25. Bf6 Be3+ 26. Kh1 Bd4 27.
Bg5 Be5 28. d7 Bc7 29. Bb5 Bb1 30. d8=Q+ Bxd8 31. Bxd8 Be4 32. Kg1 Bb7 33. Kf2
Kf7 34. g3 h6 35. h4 e5 36. Bc7 Ke6 37. Ke3 g5 38. hxg5 hxg5 39. Bb8 a6 40. Ba4
Bc8 41. Bc7 b5 42. cxb5 axb5 43. Bxb5 Kf5 44. Bd6 Kg4 45. Bxe5 Be6 46. Bd6 Kh3
47. Kf2 c4 48. Ke3 g4 49. Kd4 c3 50. Kxc3 Bd5 51. Be2 Bf3 52. Kd2 Bg2 53. Ke3
Bc6 54. Kf4 Bd7 55. Bf1+ 1-0

[Event "78th DEN-ch"]
[Site "Aarhus DEN"]
[Date "1999.04.03"]
[Round "8"]
[White "Borge, Nikolaj"]
[Black "Mortensen, Erling"]
[WhiteElo "2466"]
[BlackElo "2424"]
[Result "0-1"]
[EventDate "1999.03.27"]
[PlyCount "124"]
[EventCategory "10"]
[Source "ChessBase"]
[SourceDate "1999.08.01"]

1. e4 c5 2. Nf3 Nc6 3. d4 cxd4 4. Nxd4 Qc7 5. Nc3 e6 6. g3 a6 7. Bg2 Bb4 8. O-O
Nf6 9. Na4 O-O 10. c4 b5 11. a3 Nxd4 12. e5 Qxe5 13. Bxa8 Ba5 14. Be3 Nc6 15.
b4 bxa4 16. bxa5 Qxa5 17. Rb1 Qf5 18. f3 e5 19. Qxa4 Qd3 20. Qb3 Qg6 21. Rbe1
e4 22. Qc3 exf3 23. Bc5 Ne4 24. Rxe4 Qxe4 25. Bxf8 Kxf8 26. Rxf3 Qb1+ 27. Rf1
Qb8 28. Qf3 Ne5 29. Qd5 f6 30. c5 a5 31. Qd6+ Qxd6 32. cxd6 Ba6 33. Rb1 Bc4 34.
Be4 Kf7 35. Rb6 h5 36. Kf2 Ke6 37. Bh7 Kf7 38. Bc2 Ke6 39. Ba4 g5 40. Bd1 h4
41. gxh4 gxh4 42. Bf3 f5 43. h3 f4 44. Be4 Kf6 45. Kg2 Nf7 46. Bf3 Ke5 47. Rb7
Be6 48. Rb5+ Kd4 49. Rxa5 Nxd6 50. Rh5 Nc4 51. Rxh4 Ke3 52. Rh5 d6 53. Rh6 Bf5
54. Rh8 Ne5 55. Re8 Bd7 56. Re7 Bxh3+ 57. Kxh3 Kxf3 58. a4 Ke2 59. a5 f3 60.
Rc7 f2 61. Rc2+ Kf3 62. Rc3+ Nd3 {Nach 63.Rxd3+ gewinnt Schwarz mit ...Ke2 und
63.Rc1 geht nicht wegen Nxc1. Ein tragisches Ende fr Wei!} 0-1

[Event "78th DEN-ch"]
[Site "Aarhus DEN"]
[Date "1999.04.03"]
[Round "8"]
[White "Hansen, Sune Berg"]
[Black "Hansen, Lars Bo"]
[WhiteElo "2499"]
[BlackElo "2565"]
[Result "1/2-1/2"]
[EventDate "1999.03.27"]
[PlyCount "81"]
[EventCategory "10"]
[Source "ChessBase"]
[SourceDate "1999.08.01"]

1. e4 e5 2. Nf3 Nc6 3. Bb5 a6 4. Ba4 Nf6 5. O-O Be7 6. Re1 b5 7. Bb3 d6 8. c3
O-O 9. h3 a5 10. d3 a4 11. Bc2 Be6 12. Nbd2 Re8 13. d4 Bd7 14. d5 Na5 15. b4
axb3 16. axb3 c6 17. dxc6 Nxc6 18. Rxa8 Qxa8 19. Nf1 Nd8 20. Bg5 Qc6 21. Qd2
Ne6 22. Bxf6 Bxf6 23. Ne3 Nf4 24. h4 Rc8 25. c4 bxc4 26. bxc4 Ne6 27. g3 Nd4
28. Nxd4 exd4 29. Nd5 Qxc4 30. Bd3 Qc5 31. Ba6 Re8 32. Rc1 Qa3 33. Nxf6+ gxf6
34. Bd3 Rc8 35. Rd1 Bg4 36. Be2 Bxe2 37. Qxe2 Rc1 38. Kg2 Rxd1 39. Qg4+ Kf8 40.
Qc8+ Kg7 41. Qg4+ 1/2-1/2

[Event "78th DEN-ch"]
[Site "Aarhus DEN"]
[Date "1999.04.04"]
[Round "9"]
[White "El-Kher, Henrik"]
[Black "Hansen, Sune Berg"]
[WhiteElo "2338"]
[BlackElo "2499"]
[Result "0-1"]
[EventDate "1999.03.27"]
[PlyCount "64"]
[EventCategory "10"]
[Source "ChessBase"]
[SourceDate "1999.08.01"]

1. d4 Nf6 2. c4 e6 3. Nf3 b6 4. g3 Ba6 5. b3 Bb7 6. Bg2 Bb4+ 7. Bd2 c5 8. O-O
O-O 9. Qc2 Be4 10. Qb2 Nc6 11. Bxb4 cxb4 12. Nbd2 d5 13. Rfd1 Rc8 14. a3 bxa3
15. Rxa3 a5 16. Raa1 Nb4 17. Rac1 Qe7 18. Nxe4 Nxe4 19. cxd5 exd5 20. Bh3 Rxc1
21. Rxc1 Qf6 22. Rc7 h5 23. Qc1 g5 24. g4 Na2 25. Qe3 Qd6 26. Ra7 hxg4 27. Bxg4
f5 28. Nxg5 Qg6 29. Nh7 Qxg4+ 30. Kh1 Rf7 31. Rxf7 Kxf7 32. Qh6 Nxf2# 0-1

[Event "78th DEN-ch"]
[Site "Aarhus DEN"]
[Date "1999.04.04"]
[Round "9"]
[White "Hansen, Curt"]
[Black "Borge, Nikolaj"]
[WhiteElo "2608"]
[BlackElo "2466"]
[Result "1-0"]
[EventDate "1999.03.27"]
[PlyCount "84"]
[EventCategory "10"]
[Source "ChessBase"]
[SourceDate "1999.08.01"]

1. c4 Nf6 2. Nc3 c5 3. Nf3 b6 4. e4 d6 5. d4 cxd4 6. Nxd4 Bb7 7. Qe2 e6 8. g4
Be7 9. g5 Nfd7 10. h4 a6 11. Be3 Nc6 12. Bg2 Rc8 13. Rc1 O-O 14. O-O Nxd4 15.
Bxd4 Ne5 16. f4 Nxc4 17. b3 Na5 18. Qf2 Rc6 19. f5 e5 20. Be3 f6 21. Nd5 fxg5
22. Bxb6 Rxb6 23. Nxe7+ Kh8 24. hxg5 Qxe7 25. Qxb6 Qxg5 26. Rce1 Qd8 27. Qxd8
Rxd8 28. Rc1 Nc6 29. Rc3 a5 30. Rfc1 Nd4 31. Kf2 Nb5 32. R3c2 h6 33. Ke3 d5 34.
exd5 Nd6 35. Rf2 Ne8 36. Rc5 a4 37. bxa4 Nf6 38. Rb2 Bxd5 39. Rd2 e4 40. Rd1
Ra8 41. Rcxd5 Nxd5+ 42. Rxd5 Rxa4 {Schwarz gab in hoffnungsloser Stellung auf.}
1-0

[Event "78th DEN-ch"]
[Site "Aarhus DEN"]
[Date "1999.04.04"]
[Round "9"]
[White "Hansen, Lars Bo"]
[Black "Fries-Nielsen, Jens Ove"]
[WhiteElo "2565"]
[BlackElo "2447"]
[Result "1-0"]
[EventDate "1999.03.27"]
[PlyCount "81"]
[EventCategory "10"]
[Source "ChessBase"]
[SourceDate "1999.08.01"]

1. Nf3 d5 2. d4 Nc6 3. Bf4 Bg4 4. e3 e6 5. Nbd2 Bd6 6. c3 Nge7 7. Be2 O-O 8. h4
f6 9. Bxd6 cxd6 10. h5 h6 11. Nh4 Bxe2 12. Qxe2 e5 13. O-O f5 14. f4 Qd7 15.
Rf2 Rf6 16. Rd1 Qe6 17. dxe5 dxe5 18. Nb3 b6 19. Nf3 Re8 20. Qb5 Rff8 21. Nxe5
Nxe5 22. Nd4 Nf3+ 23. Rxf3 Qc8 24. Rf2 Kh7 25. Nf3 Ng8 26. Rxd5 Rxe3 27. Re5
Re4 28. Nd2 Rxe5 29. fxe5 Qe6 30. a3 Rd8 31. Qe2 Ne7 32. Nf3 Rd5 33. Rf1 Nc6
34. Re1 b5 35. Qe3 Qe8 36. e6 Qe7 37. Qf4 Kg8 38. Nd4 Nxd4 39. cxd4 Rd6 40. Qe5
Rd8 41. b4 1-0

[Event "78th DEN-ch"]
[Site "Aarhus DEN"]
[Date "1999.04.04"]
[Round "9"]
[White "Mortensen, Erling"]
[Black "Larsen, Bent"]
[WhiteElo "2424"]
[BlackElo "2532"]
[Result "1-0"]
[EventDate "1999.03.27"]
[PlyCount "57"]
[EventCategory "10"]
[Source "ChessBase"]
[SourceDate "1999.08.01"]

1. e4 c5 2. Nf3 Nc6 3. Bb5 g6 4. c3 Nf6 5. Qe2 a6 6. Ba4 b5 7. Bc2 Bb7 8. O-O
d6 9. d4 cxd4 10. cxd4 Nb4 11. Bb3 Bxe4 12. Bxf7+ Kxf7 13. Ng5+ Kg8 14. Nxe4
Qd7 15. Nxf6+ exf6 16. Qf3 Re8 17. Bd2 Nc6 18. Nc3 Nxd4 19. Qd5+ Ne6 20. Ne4
Qf7 21. Rfe1 Be7 22. Bc3 Ng7 23. Qc6 Rd8 24. Ba5 Qe8 25. Nxf6+ Bxf6 26. Rxe8+
Rxe8 27. Qxd6 Kf7 28. Qxa6 Bxb2 29. Rb1 1-0

[Event "78th DEN-ch"]
[Site "Aarhus DEN"]
[Date "1999.04.04"]
[Round "9"]
[White "Schandorff, Lars"]
[Black "Nielsen, Peter Heine"]
[WhiteElo "2527"]
[BlackElo "2515"]
[Result "1/2-1/2"]
[EventDate "1999.03.27"]
[PlyCount "23"]
[EventCategory "10"]
[Source "ChessBase"]
[SourceDate "1999.08.01"]

1. c4 c5 2. Nf3 g6 3. g3 Bg7 4. Bg2 Nc6 5. Nc3 e6 6. e3 Nge7 7. d4 cxd4 8. Nxd4
Nxd4 9. exd4 d5 10. cxd5 Nxd5 11. Nxd5 exd5 12. O-O 1/2-1/2